ბათუმის შოთა რუსთაველის სახელმწიფო უნივერსიტეტის ბიბლიოთეკა

Строительные машины и оборудование. (ბიბ.ჩანაწერი № 37303)

000 -LEADER
fixed length control field 00710nam a2200229Ia 4500
001 - CONTROL NUMBER
control field 3262
003 - CONTROL NUMBER IDENTIFIER
control field GE_BSU
008 - FIXED-LENGTH DATA ELEMENTS--GENERAL INFORMATION
fixed length control field 181216s||||||||xx |||||||||||||| ||und||
040 ## - CATALOGING SOURCE
Transcribing agency GE_BSU
080 ## - UNIVERSAL DECIMAL CLASSIFICATION NUMBER
Universal Decimal Classification number 69.002.5(075.32)
100 ## - MAIN ENTRY--PERSONAL NAME
Personal name Заленский,В.С. Иванов,А.И.
245 ## - TITLE STATEMENT
Title Строительные машины и оборудование.
245 ## - TITLE STATEMENT
Remainder of title Учебник.
245 ## - TITLE STATEMENT
Statement of responsibility, etc. Ред. О.И. Федосеева.
250 ## - EDITION STATEMENT
Edition statement 4-е изд., перер. и доп.
260 ## - PUBLICATION, DISTRIBUTION, ETC.
Place of publication, distribution, etc. М.
260 ## - PUBLICATION, DISTRIBUTION, ETC.
Name of publisher, distributor, etc. Стройиздат.
260 ## - PUBLICATION, DISTRIBUTION, ETC.
Date of publication, distribution, etc. 1979.
300 ## - PHYSICAL DESCRIPTION
Extent 328стр. 21 см.с илл.
653 ## - INDEX TERM--UNCONTROLLED
Uncontrolled term Строительные машины и оборудование.
942 ## - ADDED ENTRY ELEMENTS (KOHA)
Koha item type წიგნი
ეგზემპლარები
Withdrawn status Lost status Damaged status Not for loan Date acquired Barcode Date last seen Price effective from Koha item type Public note
        2018-12-17 9873 2018-12-17 2018-12-17 წიგნი დარბაზი